| 000 | 00336nam a22001217a 4500 | ||
|---|---|---|---|
| 003 | OSt | ||
| 008 | 250128b |||||||| |||| 00| 0 eng d | ||
| 041 | _aeng | ||
| 100 |
_aUnited State Department of the Interior Bureau of Reclamation _97016 |
||
| 245 | _aEarth Manual | ||
| 260 |
_aBombay: _bOxford & IBH Publishing Co Pvt Ltd |
||
| 942 | _cBK | ||
| 999 |
_c19167 _d19167 |
||